| 000 | 00375nam a22001577a 4500 | ||
|---|---|---|---|
| 003 | SGT | ||
| 020 | _a9788131254196 | ||
| 082 |
_a610.7367 _bB19B |
||
| 100 | _aBLACK, JOYCE M. | ||
| 245 | _aBLACK'S MEDICAL SURGICAL NURSING -I | ||
| 250 | _a1ST S.A. | ||
| 260 |
_aINDIA _bELSEVIER PUB _c2019 |
||
| 300 | _a1182 | ||
| 650 | _aMEDICAL SURGICAL NURSING | ||
| 942 |
_2ddc _cBK _01 |
||
| 999 |
_c21942 _d21942 |
||